Introduction to applied fuzzy electronics (Record no. 5556)

MARC details
000 -LEADER
fixed length control field 00452nam a2200157Ia 4500
003 - CONTROL NUMBER IDENTIFIER
control field SGT
020 ## - INTERNATIONAL STANDARD BOOK NUMBER
International Standard Book Number 9788120314870
082 ## - DEWEY DECIMAL CLASSIFICATION NUMBER
Classification number 621.395
Item number IBR
100 ## - MAIN ENTRY--PERSONAL NAME
Personal name Ibrahim, Ahmad M.
245 ## - TITLE STATEMENT
Title Introduction to applied fuzzy electronics
260 ## - PUBLICATION, DISTRIBUTION, ETC. (IMPRINT)
Name of publisher, distributor, etc PHI Learning Private Limited
Place of publication, distribution, etc New Delhi
Year of Publication 2011
300 ## - PAGE DESCRIPTION
No. of Pages 192p.
650 ## - SUBJECT ADDED ENTRY--TOPICAL TERM
Topical term or geographic name as entry element ELECTRONICS
653 ## - KEYWORDS--INDEX TERM
Keyword term INTRODUCTION,SETS,BOOLEAN LOGIC AND ALGEBRA,FUZZY SETS,FUZZY LOGIC AND ALGEBRA,
942 ## - ADDED ENTRY ELEMENTS (KOHA)
Source of classification or shelving scheme Dewey Decimal Classification
Koha item type Books
Holdings
Withdrawn status Lost status Source of classification or shelving scheme Damaged status Not for loan Home library Current library Date acquired SGTU Total Checkouts Full call number Accession No. (Barcode) Date last seen Bill Date Koha item type
    Dewey Decimal Classification     SGT Engineering Library SGT Engineering Library 31/05/2013 SGTU   621.395 IBR FE5863 09/02/2015 09/02/2015 Books
    Dewey Decimal Classification     SGT Engineering Library SGT Engineering Library 31/05/2013 SGTU   621.395 IBR FE5864 09/02/2015 09/02/2015 Books